000 00668nam a22002537a 4500
001 0074
003 DO-SdBNP
005 20180207084547.0
007 0074
008 151006b sp 1989 xxu||||| |||| 00| 0 spa d
020 _a9788476553787
040 _aBPMSU
_bspa
_cBPMSU
092 _axxxxxx
_bxxxxxx
100 1 0 _aCaselli, Giovanni
245 1 3 _aLa vida a través del tiempo /
_cGiovanni Caselli
250 _a2a ed.
260 _aEspaña :
_bPlaza joven
_c1989
300 _a64 p.
_bil.
_c29 cm.
490 1 0 _aVentana al mundo
500 _aIndice de nombres y materias
942 _2ddc
_cBK
945 _ainventariado, 2018 / dg
956 _aBrenda Tavárez
999 _c8331
_d8331